प्रज्ञा: प्रेमचन्द स्मृति अंक= Pragya: premchand smriti ank (Record no. 192782)
| 000 -LEADER | |
|---|---|
| fixed length control field | 00535nam a2200157Ia 4500 |
| 003 - CONTROL NUMBER IDENTIFIER | |
| control field | LDD |
| 008 - FIXED-LENGTH DATA ELEMENTS--GENERAL INFORMATION | |
| fixed length control field | 190327s9999 xx 000 0 und d |
| 040 ## - CATALOGING SOURCE | |
| Transcribing agency | LDD |
| 082 ## - DEWEY DECIMAL CLASSIFICATION NUMBER | |
| Classification number | 8H3.6 प्रे59222प्र |
| 100 ## - MAIN ENTRY--PERSONAL NAME | |
| Personal name | पाण्डेय,राममोहन |
| 245 #0 - TITLE STATEMENT | |
| Title | प्रज्ञा: प्रेमचन्द स्मृति अंक= Pragya: premchand smriti ank |
| 260 ## - PUBLICATION, DISTRIBUTION, ETC. | |
| Place of publication, distribution, etc. | वाराणसी |
| Name of publisher, distributor, etc. | जयन्ती प्रेस |
| Date of publication, distribution, etc. | 1982 |
| 300 ## - PHYSICAL DESCRIPTION | |
| Extent | 320पृ |
| 942 ## - ADDED ENTRY ELEMENTS (KOHA) | |
| Source of classification or shelving scheme | Dewey Decimal Classification |
| Koha item type | Books |
| 949 ## - LOCAL PROCESSING INFORMATION (OCLC) | |
| a | G010662 |
| Withdrawn status | Lost status | Source of classification or shelving scheme | Damaged status | Not for loan | Home library | Current library | Date acquired | Total Checkouts | Full call number | Barcode | Date last seen | Price effective from | Koha item type |
|---|---|---|---|---|---|---|---|---|---|---|---|---|---|
| No | Dewey Decimal Classification | Library and Documentation Division | Library and Documentation Division | 03/27/2019 | 8H3.6 प्रे59222प्र | G010662 | 03/27/2019 | 03/27/2019 | Books |
